000 01169cam a22002891 4500
001 ne 62000682
003 DLC
005 20260227111735.0
008 800728m19431946tu bcj 000 0 tur
010 _ane 62000682
035 _a(OCoLC)6561273
040 _aDLC
_cUU
_dUU
_dDLC
041 1 _aturper
043 _aa-ii---
050 0 0 _aDS461.1
_b.A218
100 0 _aBabur,
_cEmperor of Hindustan,
_d1483-1530.
245 1 0 _aVekayi;
_bBaburu̕n hâtıratı.
_c[Yazan] Zahirüddin Muhammed Babur. Doğu Türkçesinden çeviren [izahlı indeksi ve notları hazırlıyan] Reşit Rahmeti Arat. Önsözü ve tarihf özeti yazan: Y. Hikmet Bayur.
260 _aAnkara,
_bTürk Tarih Kurumu Basımevi,
_c1943-46.
300 _a2 v. (678 p.)
_bfold. col. map (in pocket) port., geneal. table.
_c25 cm.
490 1 _aTürk Tarih Kurumu yayınlarından, 2. seri, no. 5a-5b
500 _aTranslation of Bābarnāma.
651 0 _aMogul Empire.
651 0 _aIndia
_xHistory
_y1526-1765.
700 1 _aArat, Reşit Rahmeti,
_d1900-1964.
700 1 _aBayur, Yusuf Hikmet,
_d1891-1980.
810 2 _aTürk Tarih Kurumu.
_tTürk Tarih Kurumu yayınları ;
_vseri 2, no. 5a-5b.
999 _c45090
_d45090